Länder mit höchstem Alkoholkonsum - Statistiken

Allgemein
  • Dieses Quiz wurde 123 mal gespielt
  • Das Durchschnittsergebnis liegt bei 5 aus 12
Antwortstatistiken
Platz Liter reiner Alkohol pro Kopf/Jahr Land % Korrekt
6 12.79 Deutschland
96%
4 13.7 Tschechien
72%
9 12.67 Spanien
60%
8 12.75 Irland
46%
1 17.1 Rumänien
38%
11 12.46 Bulgarien
36%
7 12.78 Litauen
34%
5 13.19 Lettland
32%
12 12.45 Luxemburg
19%
3 14.1 Moldawien
18%
2 15.5 Georgien
9%
10 12.48 Uganda
0%
Keine übereinstimmenden Quizze gefunden
Verteilung der Resultate
Anzahl Personen mit jedem Resultat
Perzentil nach korrekt beantworteten Fragen
Ihre Resultats-Entwicklung
Sie haben dieses Quiz noch nicht gespielt